Fiesta literaria en honor de don Pedro Calderón de la Barca celebrada en el Casino de Mayaguez. (Record no. 172370)

MARC details
000 -LEADER
campo de control de longitud fija 00574nam a22001695i 4500
001 - NÚMERO DE CONTROL
campo de control 172370
003 - IDENTIFICADOR DE NÚMERO DE CONTROL
campo de control ES-MaACL
005 - FECHA Y HORA DE LA ÚLTIMA TRANSACCIÓN
campo de control 20250131222248.0
008 - DATOS DE LONGITUD FIJA--INFORMACIÓN GENERAL
campo de control de longitud fija 090629s1881 pr |||| | spa d
245 00 - MENCIÓN DEL TÍTULO
Título Fiesta literaria en honor de don Pedro Calderón de la Barca celebrada en el Casino de Mayaguez.
260 ## - PUBLICACIÓN, DISTRIBUCIÓN, ETC.
Lugar de publicación, distribución, etc. Mayaguez :
Nombre del editor, distribuidor, etc. [s.n.],
Fecha de publicación, distribución, etc. 1881 (
Fabricante Imp. de Martin Fernández)
300 ## - DESCRIPCIÓN FÍSICA
Extensión 98 p. ;
Dimensiones 21 cm.
600 14 - PUNTO DE ACCESO ADICIONAL DE MATERIA--NOMBRE DE PERSONA
Nombre de persona Calderón de la Barca, Pedro-
Subdivisión general Homenajes
9 (RLIN) 33615
710 2# - ENTRADA AGREGADA--NOMBRE DE ENTIDAD CORPORATIVA
Nombre de entidad corporativa o nombre de jurisdicción como elemento de entrada Casino de Mayaguez.
9 (RLIN) 140879
852 ## - LOCALIZACIÓN
Ubicación ES-MaACL
Número de control de estantería T-354-F-7
Holdings
Estatus retirado Estado de pérdida Estado de daño No para préstamo Colección Biblioteca de origen Biblioteca actual Ubicación en estantería Fecha de adquisición Fuente de adquisición Total de préstamos Signatura topográfica completa Código de barras Visto por última vez Precio de reemplazo Tipo de ítem Koha
        Colección de folletos Biblioteca del Ateneo de Madrid Biblioteca del Ateneo de Madrid Depósito folletos 29/06/2009     T-354-F-7 1180889 23/02/2023 23/02/2023 Folleto